| 000 | 01143nam a2200277Ia 4500 | ||
|---|---|---|---|
| 003 | OSt | ||
| 005 | 20220918110758.0 | ||
| 006 | a|||||r|||| 00| 0 | ||
| 007 | ta | ||
| 008 | 220915b |||||||| |||| 00| 0 san d | ||
| 020 | _c197 | ||
| 024 | _a267416 | ||
| 037 |
_b0/00922-D5, 08/03/2011, Bharatiya Gyanpith _cReference Collections |
||
| 040 |
_aARTS _cARTS _bsan |
||
| 041 |
_2san _asan |
||
| 082 | _aO1518,1D8-,1, 152J8,M9.1-.4 | ||
| 100 |
_aभायाणी, एच सी _99537 |
||
| 245 | 0 | _aपउमचरिउ | |
| 246 | _aPaumachariu | ||
| 260 |
_aदिल्ली _bभारतीय ज्ञानपीठ प्रकाशन भारत _c1989 |
||
| 300 | _a253पृ0 | ||
| 650 |
_aसंस्कृत साहित्य _99538 |
||
| 700 |
_a जैन, देवन्द्रकुमार, संपा. _99539 |
||
| 942 |
_hO1518,1D8-,1, 152J8,M9.1-.4 _cREF |
||
| 999 |
_c114668 _d114668 |
||